[Event "Titled Tuesday intern op 12th Dec Early"]
[Site "Chess.com INT"]
[Date "2023.12.12"]
[Round "3"]
[White "Kiremitciyan, Ari"]
[Black "Mejia, Cherry Ann"]
[Result "1-0"]
[WhiteElo "2281"]
[BlackElo "1918"]
[PlyCount "115"]
[EventDate "2023.12.12"]
[EventType "swiss (blitz)"]
[EventRounds "11"]
[EventCountry "USA"]
[SourceTitle "CB51_2023"]
[SourceDate "2023.12.20"]
[SourceVersion "1"]
[SourceVersionDate "2023.12.20"]
[SourceQuality "1"]

1. e4 c5 2. Nf3 Nc6 3. Bb5 Qb6 4. Bxc6 Qxc6 5. d3 d5 6. Nc3 dxe4 7. dxe4 Bg4 8. h3 Rd8 9. Qe2 Bh5 10. g4 Bg6 11. Ne5 Qa6 12. Qxa6 bxa6 13. Be3 e6 14. Ke2 Nf6 15. f3 Bd6 16. Nc4 Be7 17. Rhd1 0-0 18. Rxd8 Rxd8 19. Rd1 Rb8 20. b3 h6 21. Na4 Bxe4 22. fxe4 Nxe4 23. Rd7 Kf8 24. Rxa7 f5 25. Ne5 Re8 26. Ng6+ Kf7 27. Rxe7+ Rxe7 28. Nxe7 Kxe7 29. Nxc5 Nc3+ 30. Kf3 a5 31. a4 Nd5 32. Nb7 g5 33. Nxa5 f4 34. Bc5+ Kd7 35. Nc4 Kc6 36. b4 Nc3 37. Ne5+ Kd5 38. Nf7 e5 39. Nxe5 Kxe5 40. a5 Kd5 41. a6 Kc6 42. Bf8 Nb5 43. Bxh6 Nd4+ 44. Ke4 Nxc2 45. Bxg5 Nxb4 46. a7 Kb7 47. Bxf4 Kxa7 48. g5 Nc6 49. g6 Ne7 50. g7 Kb7 51. Bg5 Ng8 52. Kd5 Kc8 53. Ke6 Kc7 54. Kf7 Kd7 55. Kxg8 Ke6 56. Kf8 Kf5 57. g8Q Ke4 58. Qf7 1-0

[Event "Titled Tuesday intern op 12th Dec Early"]
[Site "Chess.com INT"]
[Date "2023.12.12"]
[Round "1"]
[White "Klimchuk, Andriy"]
[Black "Kiremitciyan, Ari"]
[Result "1-0"]
[WhiteElo "2405"]
[BlackElo "2281"]
[PlyCount "47"]
[EventDate "2023.12.12"]
[EventType "swiss (blitz)"]
[EventRounds "11"]
[EventCountry "USA"]
[SourceTitle "CB51_2023"]
[SourceDate "2023.12.20"]
[SourceVersion "1"]
[SourceVersionDate "2023.12.20"]
[SourceQuality "1"]

1. e4 c6 2. d4 d5 3. e5 Bf5 4. Nc3 e6 5. g4 Bg6 6. Nge2 c5 7. h4 h5 8. Nf4 Bh7 9. g5 cxd4 10. Nb5 Nc6 11. Qxh5 Bb4+ 12. c3 dxc3 13. bxc3 a6 14. Nxe6 axb5 15. Nxd8 Bxc3+ 16. Bd2 Bxa1 17. Qxf7+ Kxd8 18. Qxb7 Rc8 19. Bh3 Rc7 20. Qa8+ Ke7 21. 0-0 Bd3 22. Rxa1 Rxh4 23. Bg2 Rg4 24. f3 1-0

[Event "Titled Tuesday intern op 14th Nov Early"]
[Site "Chess.com INT"]
[Date "2023.11.14"]
[Round "1"]
[White "Kiremitciyan, Ari"]
[Black "Thake, Conrad"]
[Result "0-1"]
[WhiteElo "2281"]
[BlackElo "1773"]
[PlyCount "136"]
[EventDate "2023.11.14"]
[EventType "swiss (blitz)"]
[EventRounds "11"]
[EventCountry "USA"]
[SourceTitle "CB47_2023"]
[SourceDate "2023.11.22"]
[SourceVersion "1"]
[SourceVersionDate "2023.11.22"]
[SourceQuality "1"]

1. Nf3 Nf6 2. b3 g6 3. Bb2 Bg7 4. g3 d6 5. d4 0-0 6. Bg2 c6 7. 0-0 Bg4 8. Nbd2 a5 9. a3 Nbd7 10. h3 Bxf3 11. Nxf3 Re8 12. Re1 e5 13. dxe5 Nxe5 14. c4 Qc7 15. Qc2 Nxf3+ 16. Bxf3 Qd7 17. Kg2 Rad8 18. Rad1 Qc7 19. Bc3 h5 20. Qb2 Qe7 21. Bxa5 Ra8 22. Bc3 d5 23. cxd5 cxd5 24. Bxd5 Qxa3 25. Bxb7 Qxb2 26. Bxb2 Rab8 27. Bxf6 Rxb7 28. Bxg7 Kxg7 29. Rd3 Reb8 30. Rb1 Rb4 31. h4 Re8 32. Kf1 Rbe4 33. e3 Rb4 34. Ke2 Kf6 35. Kd2 Ke5 36. Kc3 Reb8 37. Rd4 R4b7 38. b4 Rc8+ 39. Rc4 Ra8 40. f4+ Kf5 41. Rb3 Kg4 42. b5 Kxg3 43. b6 Rab8 44. Rc6 Kxh4 45. Kc4 Kg3 46. Kc5 h4 47. f5 g5 48. e4+ Kf4 49. e5 Kxe5 50. Rb4 Kxf5 51. Rc7 g4 52. Rxb7 Rxb7 53. Kc6 Rb8 54. Rb5+ Kf4 55. Rb4+ Kf3 56. Rb3+ Kg2 57. Kc7 Rh8 58. b7 g3 59. Rb2+ Kh1 60. Rd2 g2 61. Rd8 Rxd8 62. Kxd8 g1Q 63. b8Q Qd4+ 64. Ke7 Qe4+ 65. Kxf7 Qf3+ 66. Kg7 Qg2+ 67. Kh6 h3 68. Qb1+ Qg1 0-1

[Event "Titled Tuesday intern op 19th Sep Early"]
[Site "Chess.com INT"]
[Date "2023.09.19"]
[Round "2"]
[White "Bryakin, Mikhail"]
[Black "Kiremitciyan, Ari"]
[Result "1-0"]
[WhiteElo "2481"]
[BlackElo "2281"]
[PlyCount "111"]
[EventDate "2023.09.19"]
[EventType "swiss (blitz)"]
[EventRounds "11"]
[EventCountry "USA"]
[SourceTitle "EXT 2024"]
[Source "ChessBase"]
[SourceDate "2023.10.10"]
[SourceVersion "1"]
[SourceVersionDate "2023.10.10"]
[SourceQuality "1"]

1. e4 g6 2. d4 Bg7 3. Be3 c6 4. c4 d5 5. cxd5 cxd5 6. e5 Nh6 7. f3 Nc6 8. Ne2 f6 9. exf6 exf6 10. Nbc3 0-0 11. Qd2 Nf5 12. Bf2 Be6 13. Ng3 Nd6 14. Bd3 Rc8 15. 0-0 Re8 16. Rfe1 Qd7 17. Rac1 Bf7 18. b3 Rxe1+ 19. Rxe1 Re8 20. Rxe8+ Qxe8 21. Nge2 Qd7 22. h4 Ne7 23. Na4 b6 24. Nac3 Be6 25. g4 Bf7 26. Kg2 Kf8 27. Ng3 Ng8 28. Be3 Ne7 29. Bf4 Ne8 30. a4 Nc7 31. Nb5 Ne6 32. Be3 Nc6 33. Ne2 Kg8 34. Bb1 Bf8 35. Nf4 a6 36. Nxe6 Bxe6 37. Nc3 Bb4 38. Qd3 Bxg4 39. fxg4 Qxg4+ 40. Kf2 Qxh4+ 41. Ke2 Qg4+ 42. Kd2 Qg2+ 43. Kc1 Ba3+ 44. Kd1 Nb4 45. Qe2 Qh1+ 46. Qe1 Qh5+ 47. Kd2 Qh2+ 48. Qe2 Qh1 49. Nd1 h5 50. Bxg6 h4 51. Bf5 Kf7 52. Qh5+ Ke7 53. Qh7+ Ke8 54. Qg8+ Ke7 55. Qe6+ Kf8 56. Bh6# 1-0

[Event "Titled Tuesday intern op 19th Sep Early"]
[Site "Chess.com INT"]
[Date "2023.09.19"]
[Round "3"]
[White "Kiremitciyan, Ari"]
[Black "Goswami, Vedant"]
[Result "0-1"]
[WhiteElo "2281"]
[BlackElo "2034"]
[PlyCount "124"]
[EventDate "2023.09.19"]
[EventType "swiss (blitz)"]
[EventRounds "11"]
[EventCountry "USA"]
[SourceTitle "EXT 2024"]
[Source "ChessBase"]
[SourceDate "2023.10.10"]
[SourceVersion "1"]
[SourceVersionDate "2023.10.10"]
[SourceQuality "1"]

1. Nf3 b6 2. g3 Bb7 3. Bg2 g6 4. 0-0 Bg7 5. c4 c5 6. Nc3 Nh6 7. Re1 0-0 8. e4 d6 9. d4 Nd7 10. d5 Ng4 11. Qe2 a6 12. h3 Nge5 13. Nh2 b5 14. cxb5 axb5 15. Qxb5 Ba6 16. Qb3 Nd3 17. Rd1 Rb8 18. Qc2 c4 19. Rb1 N7c5 20. Be3 e6 21. Nf3 exd5 22. exd5 Nxb2 23. Rxb2 Rxb2 24. Qxb2 Na4 25. Qa3 Nxc3 26. Re1 Bb7 27. Nd4 Nxd5 28. Qa7 Qa8 29. Qxa8 Bxa8 30. Nb5 Nxe3 31. Rxe3 Bxg2 32. Kxg2 d5 33. Re7 d4 34. Rd7 d3 35. Na3 Rc8 36. Nxc4 Rxc4 37. Rxd3 Ra4 38. Rd8+ Bf8 39. Rd2 h5 40. h4 Bc5 41. Rc2 Be7 42. Re2 Kf8 43. Rc2 Bf6 44. Rc8+ Kg7 45. Rc2 Rb4 46. Re2 Rb2 47. Rxb2 Bxb2 48. a4 Bc3 49. f3 Kf6 50. g4 Ke5 51. Kf2 Kf4 52. gxh5 gxh5 53. Kg2 Ba5 54. Kf2 Bd8 55. Kg1 Bxh4 56. a5 Bd8 57. a6 Bb6+ 58. Kg2 h4 59. Kh3 Kxf3 60. Kxh4 f5 61. Kg5 f4 62. Kf5 Ke3 0-1

[Event "Titled Tuesday intern op 19th Sep Early"]
[Site "Chess.com INT"]
[Date "2023.09.19"]
[Round "1"]
[White "Zaksaite, Salomeja"]
[Black "Kiremitciyan, Ari"]
[Result "0-1"]
[WhiteElo "2217"]
[BlackElo "2281"]
[PlyCount "66"]
[EventDate "2023.09.19"]
[EventType "swiss (blitz)"]
[EventRounds "11"]
[EventCountry "USA"]
[SourceTitle "EXT 2024"]
[Source "ChessBase"]
[SourceDate "2023.10.10"]
[SourceVersion "1"]
[SourceVersionDate "2023.10.10"]
[SourceQuality "1"]

1. d4 g6 2. e4 Bg7 3. Nc3 c6 4. h3 d5 5. e5 f6 6. Nf3 fxe5 7. Nxe5 Nd7 8. Bf4 Nxe5 9. Bxe5 Bxe5 10. dxe5 Qc7 11. f4 e6 12. Bd3 Bd7 13. h4 0-0-0 14. Qd2 Ne7 15. h5 g5 16. 0-0-0 gxf4 17. Qxf4 Rdf8 18. Qh2 h6 19. Rhf1 c5 20. Qh4 Bc6 21. Rf6 c4 22. Rdf1 Re8 23. Bg6 Nxg6 24. hxg6 Qxe5 25. g7 Rhg8 26. Qxh6 d4 27. Nd1 d3 28. c3 Kc7 29. Qg6 Kb6 30. Qf7 Qe2 31. R6f2 d2+ 32. Kb1 Qd3+ 33. Ka1 Qc2 0-1

[Event "Titled Tuesday intern op 01st Aug Early"]
[Site "Chess.com INT"]
[Date "2023.08.01"]
[Round "8"]
[White "Floresvillar Gonzalez, Luis Miguel"]
[Black "Kiremitciyan, Ari"]
[Result "0-1"]
[WhiteElo "2019"]
[BlackElo "2281"]
[PlyCount "42"]
[EventDate "2023.08.01"]
[EventType "swiss (blitz)"]
[EventRounds "11"]
[EventCountry "USA"]
[SourceTitle "EXT 2024"]
[Source "ChessBase"]
[SourceDate "2023.10.10"]
[SourceVersion "1"]
[SourceVersionDate "2023.10.10"]
[SourceQuality "1"]

1. d4 Nf6 2. c3 d5 3. Bg5 c5 4. e3 cxd4 5. exd4 Nc6 6. Nf3 Bg4 7. Nbd2 e6 8. Qb3 Rb8 9. Bd3 Bd6 10. h3 Bxf3 11. Nxf3 0-0 12. 0-0 Qc7 13. Bxf6 gxf6 14. Qc2 f5 15. Bxf5 exf5 16. Qxf5 Ne7 17. Qg5+ Ng6 18. h4 Qe7 19. Qxd5 Rbd8 20. Qf5 Nxh4 21. Rfe1 Nxf5 0-1

[Event "Titled Tuesday intern op 01st Aug Early"]
[Site "Chess.com INT"]
[Date "2023.08.01"]
[Round "5"]
[White "Gueci, Tea"]
[Black "Kiremitciyan, Ari"]
[Result "1/2-1/2"]
[WhiteElo "2217"]
[BlackElo "2281"]
[PlyCount "102"]
[EventDate "2023.08.01"]
[EventType "swiss (blitz)"]
[EventRounds "11"]
[EventCountry "USA"]
[SourceTitle "EXT 2024"]
[Source "ChessBase"]
[SourceDate "2023.10.10"]
[SourceVersion "1"]
[SourceVersionDate "2023.10.10"]
[SourceQuality "1"]

1. e4 c6 2. d4 d5 3. e5 Bf5 4. h4 h5 5. c4 e6 6. Nc3 Ne7 7. Bg5 Qb6 8. Qd2 Nd7 9. Nf3 Bg4 10. cxd5 Nxd5 11. Be2 f6 12. exf6 gxf6 13. Bf4 Nxf4 14. Qxf4 Qxb2 15. Rc1 Bh6 16. Ng5 fxg5 17. hxg5 Bxe2 18. Nxe2 Rf8 19. Qe3 Bg7 20. Qxe6+ Kd8 21. 0-0 Re8 22. Qg6 Qxe2 23. Qxg7 Qe7 24. Qg6 Kc7 25. d5 Qd6 26. Qd3 Ne5 27. Qb3 Rad8 28. dxc6 Nxc6 29. Rfd1 Qe5 30. Qf7+ Re7 31. Qg6 Rxd1+ 32. Rxd1 Rg7 33. Qc2 Qxg5 34. g3 h4 35. Rd3 hxg3 36. Rxg3 Qf6 37. Qe4 Rxg3+ 38. fxg3 Qd4+ 39. Qxd4 Nxd4 40. Kf2 Ne6 41. Kf3 Ng7 42. Ke4 b5 43. Ke5 Kd7 44. g4 Ke7 45. Kd5 a6 46. Kc5 Ne6+ 47. Kb6 Nd4 48. Kxa6 Kf6 49. Ka5 Kg5 50. a4 bxa4 51. Kxa4 Kxg4 1/2-1/2

[Event "Titled Tuesday intern op 23rd May Early"]
[Site "Chess.com INT"]
[Date "2023.05.23"]
[Round "11"]
[White "Fier, Alexandr"]
[Black "Kiremitciyan, Ari"]
[Result "1-0"]
[WhiteElo "2589"]
[BlackElo "2281"]
[PlyCount "49"]
[EventDate "2023.05.23"]
[EventType "swiss (blitz)"]
[EventRounds "11"]
[EventCountry "USA"]
[SourceTitle "CBM 214 Extra"]
[Source "ChessBase"]
[SourceDate "2023.07.31"]
[SourceVersion "1"]
[SourceVersionDate "2023.07.31"]
[SourceQuality "1"]

1. e4 e5 2. f4 exf4 3. Nf3 Nf6 4. e5 Nh5 5. Qe2 g6 6. d4 Be7 7. Nc3 d5 8. Bd2 Be6 9. 0-0-0 Nd7 10. Qf2 c5 11. g3 fxg3 12. hxg3 c4 13. g4 Bxg4 14. Nxd5 b5 15. Nxe7 Qxe7 16. Bg5 Qb4 17. c3 Qa4 18. Rh4 Bf5 19. Rxh5 gxh5 20. Nh4 Be4 21. Bg2 Bxg2 22. Qxg2 Rc8 23. e6 fxe6 24. Re1 Nf8 25. Qb7 1-0

[Event "Titled Tuesday intern op 23rd May Early"]
[Site "Chess.com INT"]
[Date "2023.05.23"]
[Round "4"]
[White "Gutkin, Ilya"]
[Black "Kiremitciyan, Ari"]
[Result "1-0"]
[WhiteElo "2273"]
[BlackElo "2281"]
[PlyCount "81"]
[EventDate "2023.05.23"]
[EventType "swiss (blitz)"]
[EventRounds "11"]
[EventCountry "USA"]
[SourceTitle "CBM 214 Extra"]
[Source "ChessBase"]
[SourceDate "2023.07.31"]
[SourceVersion "1"]
[SourceVersionDate "2023.07.31"]
[SourceQuality "1"]

1. Nf3 g6 2. d4 Bg7 3. e4 d6 4. c3 Nf6 5. Bd3 0-0 6. h3 Nc6 7. d5 Nb8 8. 0-0 c6 9. c4 Nbd7 10. Nc3 a6 11. a4 Nc5 12. Bc2 a5 13. Be3 Nfd7 14. Qd2 Na6 15. Bh6 Nb4 16. Bxg7 Kxg7 17. Rac1 Nxc2 18. Rxc2 Nc5 19. Ne1 e5 20. Nd3 Nxd3 21. Qxd3 c5 22. Nb5 f5 23. f4 fxe4 24. Qc3 Re8 25. Re2 Kg8 26. Rxe4 Bf5 27. Re3 Qe7 28. fxe5 dxe5 29. Rfe1 Bd7 30. Rxe5 Qh4 31. Rxe8+ Rxe8 32. Rxe8+ Bxe8 33. Qe5 Bxb5 34. axb5 Qxc4 35. d6 Qc1+ 36. Kh2 Qd2 37. Qxc5 Kf7 38. Qc7+ Ke6 39. Qe7+ Kf5 40. Qf7+ Ke5 41. d7 1-0

[Event "Titled Tuesday intern op 23rd May Early"]
[Site "Chess.com INT"]
[Date "2023.05.23"]
[Round "6"]
[White "Jakubowska, Anna"]
[Black "Kiremitciyan, Ari"]
[Result "0-1"]
[WhiteElo "2139"]
[BlackElo "2281"]
[PlyCount "50"]
[EventDate "2023.05.23"]
[EventType "swiss (blitz)"]
[EventRounds "11"]
[EventCountry "USA"]
[SourceTitle "CBM 214 Extra"]
[Source "ChessBase"]
[SourceDate "2023.07.31"]
[SourceVersion "1"]
[SourceVersionDate "2023.07.31"]
[SourceQuality "1"]

1. e4 e5 2. Nf3 Nc6 3. Bb5 g6 4. 0-0 Bg7 5. c3 d6 6. h3 Nge7 7. d4 Bd7 8. Re1 0-0 9. Ba4 Qe8 10. Bc2 h6 11. Be3 b6 12. Qd2 Kh7 13. d5 Nd8 14. c4 f5 15. exf5 gxf5 16. Nc3 Qh5 17. b4 Kh8 18. Qd1 a5 19. a3 axb4 20. axb4 Rxa1 21. Qxa1 f4 22. Bd2 Bxh3 23. gxh3 Qxf3 24. Qa7 Qxh3 25. Qxc7 Rg8 0-1

[Event "Titled Tuesday intern op 23rd May Early"]
[Site "Chess.com INT"]
[Date "2023.05.23"]
[Round "5"]
[White "Kiremitciyan, Ari"]
[Black "Blokhin, Sofia"]
[Result "1-0"]
[WhiteElo "2281"]
[BlackElo "2062"]
[PlyCount "89"]
[EventDate "2023.05.23"]
[EventType "swiss (blitz)"]
[EventRounds "11"]
[EventCountry "USA"]
[SourceTitle "CBM 214 Extra"]
[Source "ChessBase"]
[SourceDate "2023.07.31"]
[SourceVersion "1"]
[SourceVersionDate "2023.07.31"]
[SourceQuality "1"]

1. e4 c5 2. Nc3 e6 3. Nf3 a6 4. d4 cxd4 5. Nxd4 Qc7 6. Bd3 Nf6 7. 0-0 b5 8. a3 Bb7 9. Qe2 Be7 10. Kh1 0-0 11. e5 Nd5 12. Ne4 Nc6 13. Nxc6 Bxc6 14. f4 f5 15. exf6 Nxf6 16. Bd2 Qb7 17. Rae1 Kh8 18. Bb4 Bxb4 19. axb4 Nxe4 20. Bxe4 Bxe4 21. Qxe4 Qxe4 22. Rxe4 Rac8 23. c3 Rf5 24. Kg1 Kg8 25. Ra1 Rc6 26. Rd4 d6 27. Rad1 d5 28. g4 Rf6 29. Kg2 Rc4 30. Kg3 Rf8 31. Rxc4 bxc4 32. Ra1 Ra8 33. Ra5 Rb8 34. Rxa6 Kf7 35. h4 Rb5 36. h5 h6 37. Kf3 d4 38. Rc6 d3 39. Ke3 Rd5 40. Kd2 e5 41. Rxc4 exf4 42. Rxf4+ Ke6 43. Rd4 Re5 44. Kxd3 Re1 45. Re4+ 1-0

[Event "Titled Tuesday intern op 23rd May Late"]
[Site "Chess.com INT"]
[Date "2023.05.23"]
[Round "4"]
[White "Kiremitciyan, Ari"]
[Black "Kohler, Aran"]
[Result "1-0"]
[WhiteElo "2281"]
[BlackElo "2010"]
[PlyCount "97"]
[EventDate "2023.05.23"]
[EventType "swiss (blitz)"]
[EventRounds "11"]
[EventCountry "USA"]
[SourceTitle "EXT 2024"]
[Source "ChessBase"]
[SourceDate "2023.10.10"]
[SourceVersion "1"]
[SourceVersionDate "2023.10.10"]
[SourceQuality "1"]

1. e4 c6 2. d4 d5 3. exd5 cxd5 4. Bd3 a6 5. Nf3 Bg4 6. 0-0 Nc6 7. c3 Nf6 8. Re1 e6 9. Nbd2 Bd6 10. Nf1 0-0 11. Bg5 h6 12. Bh4 e5 13. dxe5 Nxe5 14. Be2 Nxf3+ 15. Bxf3 Be6 16. Ne3 Be7 17. Bxf6 Bxf6 18. Nxd5 Bxd5 19. Bxd5 Qb6 20. Qb3 Qxb3 21. axb3 Rab8 22. Re2 Rfd8 23. c4 Kf8 24. g3 Bd4 25. Rd1 Bc5 26. Kg2 b5 27. Rd3 bxc4 28. bxc4 a5 29. b3 Rd7 30. Rf3 f6 31. h4 Bb4 32. h5 Re7 33. Rxe7 Kxe7 34. Re3+ Kf8 35. Re6 Re8 36. Ra6 Re7 37. Kf3 Rd7 38. Ra8+ Ke7 39. Rg8 Kd6 40. Kg4 Re7 41. f4 Be1 42. Kf3 Bd2 43. Rd8+ Kc5 44. Rb8 Bb4 45. Kg4 Kd4 46. Kf5 Ke3 47. Rc8 Kf2 48. g4 Kg3 49. c5 1-0

[Event "Titled Tuesday intern op 23rd May Early"]
[Site "Chess.com INT"]
[Date "2023.05.23"]
[Round "10"]
[White "Mrudul, Dehankar"]
[Black "Kiremitciyan, Ari"]
[Result "0-1"]
[WhiteElo "2030"]
[BlackElo "2281"]
[PlyCount "72"]
[EventDate "2023.05.23"]
[EventType "swiss (blitz)"]
[EventRounds "11"]
[EventCountry "USA"]
[SourceTitle "CBM 214 Extra"]
[Source "ChessBase"]
[SourceDate "2023.07.31"]
[SourceVersion "1"]
[SourceVersionDate "2023.07.31"]
[SourceQuality "1"]

1. e4 e5 2. Nf3 Nc6 3. Bc4 g6 4. 0-0 Bg7 5. c3 d6 6. d4 Nge7 7. d5 Nb8 8. Bd3 h6 9. b4 0-0 10. c4 Nd7 11. a3 f5 12. Nc3 Nf6 13. Bd2 f4 14. Rc1 g5 15. c5 Ng6 16. Ne1 g4 17. f3 g3 18. h3 Bxh3 19. gxh3 Qd7 20. Qe2 Qxh3 21. Qg2 Qh5 22. Ne2 Nh4 23. Qh1 g2 24. Nxg2 Nxf3+ 25. Rxf3 Qxf3 26. Rc3 Ng4 27. Qh4 Ne3 28. Bxe3 fxe3 29. Rc1 Rf7 30. Qg3 Qh5 31. Nc3 Rf3 32. Be2 Rxg3 33. Bxh5 Rf8 34. Rf1 Rxf1+ 35. Kxf1 Rh3 36. Be2 Rh1# 0-1

[Event "Titled Tuesday intern op 25th Jan"]
[Site "Chess.com INT"]
[Date "2022.01.25"]
[Round "1"]
[White "Kiremitciyan, Ari"]
[Black "Kostiukov, Alexandr"]
[Result "0-1"]
[WhiteElo "2281"]
[BlackElo "2271"]
[PlyCount "84"]
[EventDate "2022.01.25"]
[EventType "swiss (blitz)"]
[EventRounds "11"]
[EventCountry "USA"]
[SourceTitle "CBM 206 Extra"]
[Source "ChessBase"]
[SourceDate "2022.03.31"]
[SourceVersion "1"]
[SourceVersionDate "2022.03.31"]
[SourceQuality "1"]

1. e4 c5 2. Nf3 g6 3. c4 Bg7 4. d4 cxd4 5. Nxd4 Nf6 6. Nc3 Nc6 7. Be3 0-0 8. Be2 Nxd4 9. Bxd4 Qa5 10. 0-0 d6 11. Rc1 Be6 12. f4 Rfc8 13. b3 Nd7 14. Bxg7 Kxg7 15. f5 gxf5 16. exf5 Bxf5 17. Nd5 e6 18. Ne7 Rc5 19. Qxd6 Nf6 20. b4 Qxb4 21. Nxf5+ exf5 22. Rxf5 Qb2 23. Qxc5 Qxc1+ 24. Rf1 Qd2 25. Qe5 Qh6 26. Qc3 Re8 27. Bf3 b6 28. Bd5 Qe3+ 29. Qxe3 Rxe3 30. Kf2 Nxd5 31. cxd5 Rd3 32. Re1 Rxd5 33. Re2 Ra5 34. Rb2 Kf6 35. Kf3 Ke5 36. g4 f5 37. gxf5 Kxf5 38. h4 h5 39. Kg3 Ke4 40. Rb4+ Kd3 41. a4 Kc3 42. Rf4 Kb3 0-1

[Event "Titled Tuesday intern op 23rd Mar"]
[Site "Chess.com INT"]
[Date "2021.03.23"]
[Round "2"]
[White "Kiremitciyan, Ari"]
[Black "Hambleton, Aman"]
[Result "0-1"]
[WhiteElo "2281"]
[BlackElo "2454"]
[PlyCount "66"]
[EventDate "2021.03.23"]
[EventType "swiss (blitz)"]
[EventRounds "11"]
[EventCountry "USA"]
[SourceTitle "CBM 201 Extra"]
[Source "ChessBase"]
[SourceDate "2021.05.31"]
[SourceVersion "1"]
[SourceVersionDate "2021.05.31"]
[SourceQuality "1"]

1. e4 b6 2. d4 Bb7 3. Bd3 e6 4. Nf3 d5 5. exd5 Qxd5 6. Qe2 Nf6 7. 0-0 Bd6 8. Re1 Qh5 9. Ne5 Qxe2 10. Rxe2 Nbd7 11. Nc4 Be7 12. Nc3 0-0 13. Bf4 Rfc8 14. a4 a6 15. Rd1 h6 16. h3 Bb4 17. f3 Kf8 18. Ne4 Nd5 19. Bc1 Be7 20. c3 Rd8 21. Ne3 Nf4 22. Ree1 Nxd3 23. Rxd3 c5 24. Kh2 Ne5 25. Rdd1 cxd4 26. cxd4 Ng6 27. Nc4 Rab8 28. g3 Bd5 29. Ne3 Bb3 30. Rd3 Bxa4 31. Rc3 Bb4 32. Rc4 Bxe1 33. Rxa4 a5 0-1

[Event "Titled Tuesday intern op 23rd Mar"]
[Site "Chess.com INT"]
[Date "2021.03.23"]
[Round "1"]
[White "Liyanage, Ranindu Dilshan"]
[Black "Kiremitciyan, Ari"]
[Result "0-1"]
[WhiteElo "2165"]
[BlackElo "2281"]
[PlyCount "120"]
[EventDate "2021.03.23"]
[EventType "swiss (blitz)"]
[EventRounds "11"]
[EventCountry "USA"]
[SourceTitle "CBM 201 Extra"]
[Source "ChessBase"]
[SourceDate "2021.05.31"]
[SourceVersion "1"]
[SourceVersionDate "2021.05.31"]
[SourceQuality "1"]

1. e4 e5 2. Nf3 Nc6 3. Bb5 g6 4. 0-0 Bg7 5. c3 d6 6. d4 Bd7 7. Re1 Nge7 8. dxe5 Nxe5 9. Bxd7+ Qxd7 10. Nd4 0-0 11. f4 N5c6 12. Be3 f5 13. Nd2 Nxd4 14. cxd4 fxe4 15. Nxe4 Nd5 16. Qb3 c6 17. Rad1 Kh8 18. Ng5 Rae8 19. Nh3 Re7 20. Qd3 Rfe8 21. Bf2 Rxe1+ 22. Rxe1 Rxe1+ 23. Bxe1 Qf5 24. Qxf5 Bxd4+ 25. Bf2 Bxf2+ 26. Kxf2 gxf5 27. Ng5 Kg7 28. Kf3 Nc7 29. Nh3 Kf6 30. Nf2 h5 31. Nd3 Ne6 32. Ke3 a5 33. b3 b5 34. Nc1 Nc7 35. Ne2 Nd5+ 36. Kd3 Nb4+ 37. Kd2 Nxa2 38. Nd4 Nb4 39. g3 a4 40. Kc3 Nd5+ 41. Kb2 axb3 42. Kxb3 Ne7 43. Kc3 b4+ 44. Kc4 c5 45. Nb5 Ke6 46. h3 Kd7 47. Na7 Kc7 48. Nb5+ Kc6 49. Na7+ Kb6 50. g4 hxg4 51. hxg4 fxg4 52. f5 Kxa7 53. f6 Ng6 54. Kd3 Nf8 55. Ke2 Ka6 56. Kf2 Kb5 57. Kg3 b3 58. Kxg4 b2 59. Kg5 b1Q 60. Kh6 Qg6# 0-1

[Event "Titled Tuesday intern op 19th Jan"]
[Site "Chess.com INT"]
[Date "2021.01.19"]
[Round "3"]
[White "Kiremitciyan, Ari"]
[Black "Baskin, Robert"]
[Result "0-1"]
[WhiteElo "2281"]
[BlackElo "2390"]
[PlyCount "72"]
[EventDate "2021.01.19"]
[EventType "swiss (blitz)"]
[EventRounds "11"]
[EventCountry "USA"]
[SourceTitle "CBM 200 Extra"]
[Source "ChessBase"]
[SourceDate "2021.03.31"]
[SourceVersion "1"]
[SourceVersionDate "2021.03.31"]
[SourceQuality "1"]

1. d4 Nf6 2. c4 d6 3. f3 e5 4. d5 e4 5. Nc3 exf3 6. exf3 Be7 7. Bd3 0-0 8. Nge2 Nbd7 9. 0-0 Nc5 10. Bc2 a5 11. Ng3 Re8 12. Re1 Bf8 13. Rxe8 Qxe8 14. Bg5 Qe5 15. Qd2 h6 16. Bf4 Qe8 17. Re1 Qd8 18. Nb5 Bd7 19. Nd4 c6 20. dxc6 bxc6 21. Ndf5 Bxf5 22. Nxf5 d5 23. b3 Ne6 24. Be5 Bc5+ 25. Kh1 Bb4 26. Nxh6+ Kf8 27. Bc3 Bxc3 28. Qxc3 gxh6 29. cxd5 cxd5 30. Qe3 Kg7 31. f4 Rc8 32. Qg3+ Kh8 33. Bf5 Qg8 34. Qh4 Qg7 35. h3 Re8 36. Re3 Nd4 0-1

[Event "Titled Tuesday intern op 29th Dec"]
[Site "Chess.com INT"]
[Date "2020.12.29"]
[Round "2"]
[White "Kadric, Denis"]
[Black "Kiremitciyan, Ari"]
[Result "0-1"]
[WhiteElo "2577"]
[BlackElo "2281"]
[PlyCount "68"]
[EventDate "2020.12.29"]
[EventType "swiss (blitz)"]
[EventRounds "11"]
[EventCountry "USA"]
[SourceTitle "CBM 200 Extra"]
[Source "ChessBase"]
[SourceDate "2021.03.31"]
[SourceVersion "1"]
[SourceVersionDate "2021.03.31"]
[SourceQuality "1"]

1. e4 c6 2. d4 d5 3. e5 Bf5 4. h4 h5 5. c4 e6 6. Nc3 Nd7 7. cxd5 cxd5 8. Bd3 Bxd3 9. Qxd3 Ne7 10. Nf3 Nf5 11. Bg5 Be7 12. Bxe7 Nxe7 13. 0-0 0-0 14. Ng5 g6 15. Rac1 a6 16. Ne2 Nf5 17. g3 Nb8 18. Qd2 Nc6 19. Qf4 Rc8 20. g4 hxg4 21. Qxg4 Kg7 22. h5 Rh8 23. Nf4 Ncxd4 24. Nxf7 Kxf7 25. Qxg6+ Ke7 26. Rxc8 Qxc8 27. Qf6+ Kd7 28. Qf7+ Ne7 29. Ng6 Re8 30. Rd1 Ndf5 31. Nf4 Qc6 32. h6 Rg8+ 33. Kf1 Qc4+ 34. Ke1 Qxf4 0-1